000 00814nam a22002537a 4500
005 20170123162302.0
010 _aB-122864
020 _c100.00
_a8185785406
035 _aB-122864
037 _bCen Lib/Ret
040 _aDPL
_bUR
082 _a841.08
_bم ت ل
100 _aمتعال,گوپال
_9433
245 _a گوپل متعال :
_cمتعال گوپال
_b شخسووشے /
246 _aGopal Mittal : shakhs wa shayr
_bby Ziauddin
260 _aنی دللی
_bادارہ فقر زادید
_c2005
270 _aدریا گنج
_bنی دللی
_e110002
300 _a94p.
_c21cm(Hb)
650 _aاردو ادب
_914284
650 _aاردو شاعری
_9462
650 _aUrdu literature
_914285
650 _aUrdu poetry
_914286
942 _2ddc
_cUR
_h841.08
_mم ت ل
999 _c106082
_d106082